| 000 | 00783nam a2200205 a 4500 | ||
|---|---|---|---|
| 001 | 000996971 | ||
| 003 | AM-YeHGA | ||
| 005 | 20250617150408.0 | ||
| 008 | 131217s1916 ||| r 000 0 rus d | ||
| 040 | _aAM-YeHGA | ||
| 041 | 1 |
_arus _heng |
|
| 100 | 1 | _aМак-Дауголл, У. | |
| 245 | 1 | 0 |
_aОсновныя проблемы соцiальной психологiи / _cУ. Мак-Дауголл; Пер. съ 4-го англ. изд-я М. Н. Смирновой; Под ред. Н. Д. Виноградова. |
| 260 |
_aМосква : _bКнигоизд. "Космос", _c1916. |
||
| 300 | _a282 с. | ||
| 650 | 1 | 4 | _aПсихология |
| 700 | 1 |
_aСмирнова, М. Н. _eпер. _4trl |
|
| 700 | 1 |
_aВиноградов, Н. Д. _eред. _4edt |
|
| 090 | _c331848 | ||
| 999 |
_c330091 _d330091 |
||